[Event "40th IND-chT Open 2020"]
[Site "Ahmedabad"]
[Date "2020.02.07"]
[Round "1.11"]
[White "Vedant Nitin vekhande"]
[Black "Harshavardhan G B"]
[Result "0-1"]
[WhiteElo "1723"]
[BlackElo "2377"]
[Annotator "TA"]
[PlyCount "102"]
[EventDate "2020.02.05"]
[EventCountry "IND"]
[SourceTitle "playchess.com"]
[Source "ChessBase"]
[SourceQuality "1"]

{[%evp 17,101,13,29,5,4,0,26,7,0,0,8,0,29,0,62,47,45,25,28,34,21,0,0,0,0,-7,0,0,46,0,39,0,14,-80,-69,-75,-15,-18,0,-15,-14,-11,-16,-72,-50,-76,-58,-348,-204,-201,-204,-768,-757,-1051,-1027,-1193,-830,-815,-781,-1185,-1204,-1193,-1134,-29989,-29990,-29990,-29988,-29988,-29989,-29988,-29989,-29988,-29989,-29990,-29989,-29992,-29993,-29995,-29996,-29996,-29997,-29997,-29998,-29998,-29999,-29999]} 1. e4 c5 2. Nf3 d6 3. d4 cxd4 4. Nxd4 Nf6 5. Nc3 Nc6 6. Be2 e5 7. Nb3 Be7 8. Be3 O-O 9. O-O a5 10. Bf3 {B59: Classical Sicilian: 6 Be2 e5 7 Nb3.} a4 11. Nd2 Be6 12. Nd5 {White has an edge.} Bxd5 13. exd5 Nb4 14. c4 {[#]} Qd7 $146 ({Predecessor:} 14... Nd7 15. a3 Nd3 16. Ne4 Nxb2 17. Qc2 f5 18. Qxb2 fxe4 19. Bxe4 Bg5 20. Qc2 h6 {1-0 (31) Petrisor,A (2396)-Dolana,A (2379) Baile Govora 2017}) 15. g3 Ne8 (15... Qf5 $11) 16. b3 a3 17. Qc1 f5 18. Qc3 Na6 19. Rae1 Bf6 {...e4 is the strong threat.} 20. Bg2 e4 21. Bd4 Bxd4 22. Qxd4 Nb4 23. Re2 (23. Qb6 $5 {[%cal Rb6b4]} Nd3 24. Re2 $14) 23... Nf6 24. Nb1 b5 25. Qc3 (25. f3 $11 {remains equal.}) 25... Na6 $17 {[%cal Bb4a6,Ba6c5,Bc5e4,Be4d2][%mdl 32]} 26. f3 {[#]} bxc4 (26... b4 $1 $17 {[%cal Rb4c3]} 27. Qd4 exf3 28. Rxf3 Nc5) 27. bxc4 $11 {[%cal Rf3e4]} exf3 28. Bxf3 Qa7+ 29. Kg2 Nc5 30. Re3 (30. Qd4 $11) 30... Nce4 $17 31. Qc1 Qd4 32. Rxa3 $2 {[%mdl 8192]} ({White should try} 32. Re2 $15) 32... Rxa3 (32... Rfb8 $142 33. Qe3 Qb2+ 34. Kh3 h6 35. Rxa8 Ng5+ 36. Qxg5 hxg5 37. Rxb8+ Qxb8) 33. Nxa3 $19 Ra8 {aiming for ...Qd3.} 34. Be2 $2 {[#]} (34. Nc2 Rxa2 35. Kh1 Qxc4 36. Ne3 Qxc1 37. Rxc1) 34... Nd2 $1 35. Rd1 Nfe4 {( -> ...Qf2+)} 36. Rxd2 Nxd2 37. Nc2 Qc3 38. a3 Rb8 39. Qe1 Qxc2 40. Bf1 Nxf1+ {Black mates.} 41. Kxf1 Rb1 42. Qxb1 Qxb1+ 43. Ke2 Qc2+ 44. Ke3 Qxc4 45. h3 Qxd5 46. g4 Qe4+ 47. Kf2 f4 48. h4 Qe3+ {[%mdl 64] Double Attack} 49. Kg2 Qe2+ {[%mdl 64] Double Attack} 50. Kh3 Qf2 {[%csl Gf4][%cal Rf2g3]} 51. a4 Qg3# {Accuracy: White = 49%, Black = 77%.} 0-1

[Event "40th IND-chT Open 2020"]
[Site "Ahmedabad"]
[Date "2020.02.07"]
[Round "1.12"]
[White "Sai Agni Jeevitesh, J."]
[Black "Athalye Varad"]
[Result "1-0"]
[WhiteElo "2310"]
[BlackElo "1602"]
[Annotator "TA"]
[PlyCount "61"]
[EventDate "2020.02.05"]
[EventCountry "IND"]
[SourceTitle "playchess.com"]
[Source "ChessBase"]
[SourceQuality "1"]

{[%evp 19,61,5,8,14,13,8,27,14,89,93,126,139,130,116,134,111,166,162,154,146,149,126,124,130,141,129,151,155,209,175,368,343,647,550,879,866,867,852,843,822,822,814,29996,29997]} 1. Nf3 Nf6 2. c4 e6 3. Nc3 b6 4. d4 Bb4 5. e3 Ne4 6. Bd2 Bxc3 7. Bxc3 O-O 8. Rc1 Bb7 9. Bd3 f5 10. O-O d6 11. Be1 {E21: Nimzo-Indian: 4 Nf3.} c5 12. Nd2 {[#]} Nxd2 $146 ({Predecessor:} 12... Nf6 13. f4 Nbd7 14. Qe2 Qc7 15. a3 Rae8 16. b4 g6 17. Bc2 a5 18. Nf3 axb4 19. axb4 Ra8 20. Bc3 Ra2 21. Ng5 Re8 22. Ra1 Rxa1 23. Rxa1 cxd4 24. Bxd4 {½-½ (24) De Rijk,J (2122)-Adam,C (2196) ICCF email 2011}) 13. Qxd2 {White has an edge.} e5 (13... Nc6 $11 {remains equal.}) 14. dxe5 $16 dxe5 {[#]} 15. Bxf5 $1 {[%mdl 512]} Qf6 (15... Rxf5 16. Qxd8+) 16. Bh3 Nc6 17. Qd7 Rab8 (17... Bc8 $16 {was called for.} 18. Qd5+ Rf7) 18. Qe6+ Kh8 19. Qxf6 gxf6 20. Rd1 Rbd8 21. Bc3 Kg7 22. a3 a5 23. Be6 Ne7 (23... Rxd1 $16 24. Rxd1 Rd8) 24. f4 $18 e4 $2 (24... exf4 {keeps fighting.} 25. Rxd8 (25. exf4 Bc8 $18) 25... Rxd8) 25. g4 Kg6 $2 (25... Bc8) 26. h4 f5 27. gxf5+ Nxf5 28. Rxd8 Rxd8 {[#]} 29. h5+ $1 {[%mdl 576] Deflection} Kxh5 30. Bxf5 {White wants to mate with Kf2.} Rd3 31. Kf2 {Accuracy: White = 100%, Black = 42%.} 1-0

[Event "40th IND-chT Open 2020"]
[Site "Ahmedabad"]
[Date "2020.02.07"]
[Round "1.13"]
[White "Erigaisi Arjun"]
[Black "Rathore, Sonakshi"]
[Result "1-0"]
[WhiteElo "2563"]
[BlackElo "1802"]
[Annotator "TA"]
[PlyCount "53"]
[EventDate "2020.02.05"]
[EventCountry "IND"]
[SourceTitle "playchess.com"]
[Source "ChessBase"]
[SourceQuality "1"]

{[%evp 9,53,2,8,19,28,29,30,31,56,56,56,56,56,55,58,56,56,46,97,83,219,217,214,204,215,204,188,164,547,551,527,533,1162,1166,1131,1139,1114,1109,970,881,5706,5581,29992,1485,29989,29990]} 1. b3 d5 2. Bb2 Bf5 3. g3 Nf6 4. Bg2 e6 5. Nf3 c6 6. d3 {A07: Réti Opening: New York and Capablanca Systems} Bd6 7. Nbd2 Qe7 8. O-O {White has an edge.} O-O 9. e4 dxe4 10. dxe4 Nxe4 11. Nh4 Nxd2 12. Nxf5 exf5 13. Qxd2 {[#] Black must now prevent Rfe1.} Qc7 $146 ({Black should play} 13... Be5 $14 14. Rfe1 f6) ({Predecessor:} 13... Be5 14. Rfe1 f6 15. Rad1 Na6 16. Qf4 Qc5 17. Bxe5 fxe5 18. Rxe5 Qxc2 19. Rde1 Rad8 {½-½ (41) Minasian,A (2571)-Sulskis,S (2578) Los Angeles 2003}) 14. Rfe1 $16 {Hoping for Rad1.} f6 (14... Rd8 $16 {might work better.}) 15. Rad1 $40 {[%mdl 128] White goes for the king.} Bc5 16. Qd3 Na6 17. Qxf5 Rad8 18. Bf1 {Threatens to win with Bxa6.} ({But not} 18. Be4 $6 g6 $16) ({Much less strong is} 18. Rxd8 $6 Qxd8 19. Bf1 g6) 18... Bb4 $2 {[#]} (18... g6 {is a better chance.} 19. Qe6+ Kg7) 19. Rxd8 $1 ({Not} 19. Bd3 g6 $16) 19... Qxd8 20. Re4 Bd2 21. Bc4+ Kh8 {[#]} 22. Rh4 $1 {[%csl Gf5][%cal Rh4h7][%mdl 512]} Bh6 23. Bd3 {[%csl Gd3][%cal Rf5h7]} g6 24. Qh3 Bg7 25. Bxg6 Qe7 26. Bxh7 (26. Re4 $142 h6 27. Rxe7 Nc5 28. Qg4 Rd8 29. Bf5 Ne6 30. Bxe6 Rd1+ {[#]} 31. Kg2 $1 {[%mdl 512]} Rg1+ 32. Kxg1 Kh7 33. Qxg7#) 26... Nc7 {[#]} 27. Ba3 $1 {[%mdl 512] Accuracy: White = 91%, Black = 33%.} 1-0

[Event "40th IND-chT Open 2020"]
[Site "Ahmedabad"]
[Date "2020.02.07"]
[Round "1.14"]
[White "Mandloi, Mukesh"]
[Black "Harsha Bharathakoti"]
[Result "0-1"]
[WhiteElo "1784"]
[BlackElo "2495"]
[Annotator "TA"]
[PlyCount "90"]
[EventDate "2020.02.05"]
[EventCountry "IND"]
[SourceTitle "playchess.com"]
[Source "ChessBase"]
[SourceQuality "1"]

{[%evp 9,90,-29,-36,-21,0,-13,-9,-9,-10,-22,-15,-22,-18,-33,-22,-26,-35,-29,-24,-43,-35,-66,-65,-87,-87,-156,-168,-203,-199,-216,-211,-185,-192,-460,-457,-464,-460,-450,-449,-477,-459,-466,-478,-509,-510,-498,-495,-487,-491,-542,-415,-415,-415,-415,-411,-411,-411,-410,-410,-524,-517,-641,-641,-621,-495,-628,-622,-641,-603,-882,-854,-839,-856,-1248,-1269,-1214,-1091,-2036,-1957,-1725,-1551,-6195,-5264]} 1. d4 Nf6 2. Nc3 d5 3. Bf4 a6 4. e3 e6 5. Bd3 c5 6. Nf3 {D00: 1 d4 d5: Unusual lines} Nc6 7. O-O c4 8. Be2 {The position is equal.} b5 9. Ne5 Bb7 {[#]} 10. Nxc6 $146 ({Predecessor:} 10. Bf3 Bd6 11. e4 dxe4 12. Nxe4 Nxe4 13. Bxe4 Bxe5 14. Bxe5 O-O 15. Qh5 g6 16. Qe2 {0-1 (60) Darini,P (2511)-Fressinet,L (2672) Doha 2016}) 10... Bxc6 11. a3 Be7 12. Nb1 {[%cal Bc3b1,Bb1d2,Bd2f3,Bf3e5][%mdl 32]} a5 13. Nd2 O-O 14. Nf3 Bb7 15. Ne5 Ne4 16. f3 Nd6 17. Bg3 (17. Ng4 $142) 17... Nf5 $17 18. Bf2 f6 19. Ng4 h5 20. e4 dxe4 ({Much less strong is} 20... hxg4 21. exf5 gxf3 22. Bxf3 $15) 21. fxe4 $2 {[#]} (21. Ne3) 21... hxg4 $19 22. Bxg4 Bxe4 23. Re1 Qd5 24. Rxe4 Qxe4 25. Bf3 Qf4 26. Bxa8 Rxa8 27. c3 Bd6 28. g3 Qe4 29. Qd2 Qd3 30. Qxd3 cxd3 31. Rd1 a4 32. Rxd3 Ne7 33. Kf1 Kf7 34. Ke2 g5 {Black is clearly winning.} 35. h3 Nd5 36. Kf3 Rh8 37. Kg2 f5 38. Be1 f4 39. Bd2 fxg3 40. Bxg5 Kg6 41. Bd2 Bf4 42. Be1 Ne3+ 43. Kf3 g2 44. Bf2 Rxh3+ 45. Kxf4 Nd5+ {[%mdl 64] Discovered Attack. Accuracy: White = 48%, Black = 94%.} 0-1

[Event "40th IND-chT Open 2020"]
[Site "Ahmedabad"]
[Date "2020.02.07"]
[Round "1.15"]
[White "Rahul Srivatshav P"]
[Black "Arun Kataria"]
[Result "1-0"]
[WhiteElo "2474"]
[BlackElo "1648"]
[Annotator "TA"]
[PlyCount "71"]
[EventDate "2020.02.05"]
[EventCountry "IND"]
[SourceTitle "playchess.com"]
[Source "ChessBase"]
[SourceQuality "1"]

{[%evp 15,71,-2,14,19,57,46,64,52,57,43,100,94,106,73,68,72,195,180,195,187,154,0,327,337,365,365,372,364,367,367,358,323,332,357,343,305,344,325,346,335,364,356,361,337,339,316,452,443,567,579,756,747,837,830,1094,1080,1155,1140]} 1. Nf3 d5 2. g3 Nf6 3. Bg2 e6 4. O-O Bd6 5. d3 O-O 6. Nbd2 c5 7. e4 Nc6 8. Re1 Bc7 9. c3 {A08: King's Indian Attack.} d4 10. e5 Nd7 11. cxd4 {White is slightly better.} cxd4 {[%cal Rd7e5]} 12. Nc4 {[#]} Nb6 $146 (12... h6 $14) ({Predecessor:} 12... Rb8 13. Bg5 f6 14. exf6 Nxf6 15. Nfe5 Nxe5 16. Nxe5 h6 17. Bd2 Nd5 18. Rc1 Rf5 {1-0 (32) Oratovsky,M (2465)-Gravel,S (2285) Montreal 1998}) 13. Bg5 $16 Qd7 14. Nxb6 axb6 15. Qd2 b5 (15... Ra5 $16) 16. Bf6 $1 $18 {White threatens Qg5! and mate.} Ne7 {[#]} (16... gxf6 17. exf6 Bf4 18. Qxf4 Kh8 19. Qh6 $1 {[%mdl 512]} Rg8 20. Ng5 Rxg5 21. Qxg5 Qe8 22. Qg7#) 17. Re4 $1 {[%cal Re4d4]} Ng6 (17... gxf6 $2 18. exf6 Nf5 {[#]} 19. Rxd4 $1 $18 {[%mdl 512]}) 18. Rh4 $2 $40 {[%mdl 128] Black needs to defend precisely.} (18. Rxd4 $16 Qe8 19. Rc1) 18... Bd8 $2 {[%mdl 8192]} ({Wrong is} 18... gxf6 $2 19. exf6 Bf4 20. Rxf4 $18) (18... Nxh4 $11 19. gxh4 h6) 19. Rxd4 Qxd4 20. Nxd4 gxf6 21. exf6 Bxf6 22. Nxb5 Rd8 23. Be4 Ra4 {Threatening ...Rxe4.} 24. Nc3 Rad4 25. Qe2 Bg7 26. Rd1 b6 27. Qc2 Ba6 28. Qb3 b5 29. Ne2 ({Weaker is} 29. Nxb5 Bxb5 30. Qxb5 (30. Bxg6 Ba4 $15 {[%mdl 64] Skewer}) 30... Rxe4 $16) 29... R4d6 30. Rc1 Ne5 (30... Bf8 $142 31. a3 b4 32. Qxb4 f5) 31. Nf4 {White is clearly winning.} Kh8 32. Rc7 R6d7 33. Rxd7 Rxd7 34. Nh5 Rc7 35. Qa3 Bc8 36. Qd6 {Accuracy: White = 85%, Black = 41%.} 1-0

[Event "40th IND-chT Open 2020"]
[Site "Ahmedabad"]
[Date "2020.02.07"]
[Round "1.16"]
[White "Naman Porwal"]
[Black "Girinath, P.D.S."]
[Result "0-1"]
[WhiteElo "1569"]
[BlackElo "2353"]
[Annotator "TA"]
[PlyCount "84"]
[EventDate "2020.02.05"]
[EventCountry "IND"]
[SourceTitle "playchess.com"]
[Source "ChessBase"]
[SourceQuality "1"]

{[%evp 11,84,-20,4,-19,-16,-29,0,-35,0,0,19,18,16,0,0,0,15,0,0,-4,0,0,10,4,18,0,4,9,5,4,9,-20,35,22,46,0,0,0,12,-11,10,-5,0,-75,-79,-95,-94,-85,-89,-91,-94,-93,-88,-210,-203,-208,-214,-206,-191,-434,-431,-416,-413,-479,-479,-468,-459,-572,-572,-554,-562,-545,-511,-929,-787]} 1. e4 e6 2. d4 d5 3. exd5 exd5 4. Bd3 c5 5. c3 Nc6 6. Ne2 Bd6 (6... c4 $5 7. Bc2 $8 Nf6 $11) 7. Be3 {C01: French: Exchange Variation.} c4 8. Bc2 Nge7 {[#]} 9. b3 $146 {The position is equal.} ({Predecessor:} 9. Bf4 Ng6 10. Bxd6 Qxd6 11. O-O O-O 12. Qd2 Bd7 13. Na3 a6 14. Rae1 b5 15. Bb1 {½-½ (58) Frangiadakis,K (2190)-Khetsuriani,B (2355) Nikea 2004}) 9... cxb3 10. axb3 Bf5 11. O-O O-O 12. Ng3 Bxg3 13. fxg3 Qd7 14. Nd2 {[%cal Bb1d2,Bd2f3,Bf3h4,Bh4f5][%mdl 32]} Rfe8 15. Bf4 Rac8 16. Nf3 a6 17. Bxf5 Nxf5 18. Qd2 f6 19. g4 Nd6 20. Bxd6 Qxd6 21. Nh4 Re6 (21... g6 $11) 22. Nf5 $14 Qd7 23. Rf2 Ne7 24. Ng3 h6 25. Re1 Re8 26. Rfe2 Nc8 27. c4 (27. Nf5 $11 {keeps the balance.}) 27... dxc4 $17 28. bxc4 Rxe2 29. Rxe2 Rxe2 30. Nxe2 Qxg4 31. c5 Ne7 32. d5 (32. h3 $17 Qf5 33. Qb4) 32... Qc4 $19 33. d6 {[#]} Nc6 $1 ({Much less strong is} 33... Qxc5+ 34. Qd4 $17) 34. Qe3 Ne5 35. d7 $2 (35. h3) 35... Nxd7 36. Qe8+ Nf8 37. Qe3 Ne6 {Black is clearly winning.} 38. Kf1 Kf7 39. Qf3 Nxc5 40. Qh5+ Kf8 41. Qf5 Nd3 {[#] White must now prevent ...Qc2.} 42. Qd7 (42. Qf3 $142 Qc2 43. Nd4) 42... Nc1 {Accuracy: White = 60%, Black = 88%.} 0-1

[Event "40th IND-chT Open 2020"]
[Site "Ahmedabad"]
[Date "2020.02.07"]
[Round "1.17"]
[White "Tanishq Gupta"]
[Black "Narayanan, Srinath"]
[Result "0-1"]
[WhiteElo "1763"]
[BlackElo "2535"]
[Annotator "TA"]
[PlyCount "70"]
[EventDate "2020.02.05"]
[EventCountry "IND"]
[SourceTitle "playchess.com"]
[Source "ChessBase"]
[SourceQuality "1"]

{[%evp 13,70,5,48,36,32,25,46,62,80,71,88,73,87,49,61,16,71,56,52,47,58,0,0,-20,-27,-24,0,0,30,0,1,0,0,-92,-92,-97,-83,-123,-123,-123,-123,-123,-123,-123,-123,-123,-123,-135,-135,-198,-198,-197,-198,-291,-278,-278,-278,-339,-322]} 1. d4 Nf6 2. Nf3 e6 3. e3 c5 4. Bd3 Nc6 5. O-O d5 6. b3 Bd6 7. Bb2 Qc7 8. c4 {D05: Colle System with ...e6.} dxc4 9. bxc4 cxd4 10. exd4 {[#] White is slightly better.} Bd7 $146 ({Predecessor:} 10... O-O 11. Nc3 Be7 12. Rc1 Nb4 13. Be2 Bd7 14. a3 Na6 15. Ne5 Rad8 16. Nb5 Qb8 {0-1 (41) Himanshu,S (2457)-Muminova,N (2347) New Delhi 2010}) 11. Nc3 Ne7 12. Rc1 Qa5 13. Qe2 O-O 14. Rfd1 Rfd8 (14... Ng6 $11 {keeps the balance.}) 15. Ne5 $16 Be8 16. f4 Ba3 17. Bb1 (17. Bxa3 $14 Qxa3 18. Qe3) 17... Rac8 $11 18. Rd3 Bxb2 19. Qxb2 Qb6 20. Qf2 h5 21. Rcd1 Ng4 $36 {[%mdl 2048] Black has good play.} 22. Nxg4 hxg4 23. d5 (23. c5 $11 Qb4 {[#]} 24. a3 $1 {[%mdl 512]}) 23... Qxf2+ $17 24. Kxf2 {Threatens to win with d6.} Rxc4 25. d6 Nf5 ({Weaker is} 25... Rxf4+ 26. Kg3 $16) 26. d7 {[#]} Bxd7 $1 {[%mdl 512]} 27. Rxd7 Rxd7 28. Rxd7 {Hoping for Ne4.} Rxc3 29. Rxb7 {[%mdl 4096] Endgame KRB-KRN} Ra3 30. Rb8+ Kh7 31. Bxf5+ (31. Rb3 $17 {might work better.} Ra4 32. g3) 31... exf5 $19 32. Rb2 Kh6 33. Rd2 (33. Kg1 {was necessary.}) 33... f6 {Black has a decisive advantage.} 34. g3 g5 35. fxg5+ Kxg5 {Accuracy: White = 51%, Black = 96%.} (35... fxg5 $2 36. Kf1 $19) 0-1

[Event "40th IND-chT Open 2020"]
[Site "Ahmedabad"]
[Date "2020.02.07"]
[Round "1.18"]
[White "Satyapragyan, Swayangsu"]
[Black "Dutta Sarthak"]
[Result "1-0"]
[WhiteElo "2403"]
[BlackElo "1704"]
[Annotator "TA"]
[PlyCount "89"]
[EventDate "2020.02.05"]
[EventCountry "IND"]
[SourceTitle "playchess.com"]
[Source "ChessBase"]
[SourceQuality "1"]

{[%evp 10,89,14,14,18,14,40,33,42,36,42,24,27,24,29,11,22,-2,14,0,0,0,0,-8,8,8,11,10,21,29,47,47,70,63,85,77,70,80,125,126,123,123,122,123,123,125,117,122,125,118,122,122,139,133,158,149,191,181,197,198,237,195,191,214,225,219,205,212,208,161,167,172,279,281,389,382,462,181,310,303,366,286]} 1. e4 c6 2. Nc3 d5 3. Nf3 Bg4 4. h3 Bxf3 5. Qxf3 e6 6. Be2 Nf6 {B11: Caro-Kann: Two Knights Variation.} 7. O-O dxe4 (7... d4 {looks sharper.} 8. Nb1 Nbd7 9. d3 Bd6 10. Nd2 O-O) 8. Nxe4 Nxe4 {White is slightly better.} 9. Qxe4 Nd7 10. d4 Nf6 11. Qe3 Bd6 12. c4 O-O 13. b3 Qe7 14. a3 e5 15. Bb2 {[%cal Rd4e5]} Rfe8 {[#]} 16. Bf3 $146 ({Predecessor:} 16. dxe5 Bxe5 17. Bxe5 Qxe5 18. Qxe5 Rxe5 19. Bf3 Kf8 20. Rfd1 Rae8 21. b4 Ke7 22. Kf1 {½-½ (28) Short,N (2676)-Anand,V (2794) Merida 2001}) 16... exd4 17. Qxe7 Rxe7 18. Bxd4 Be5 19. Bc5 $36 {[%mdl 2048] White is more active.} Re6 20. Rad1 b6 21. Be3 Rb8 22. Rd2 c5 23. b4 Rd6 24. Rxd6 Bxd6 25. Rd1 Be7 26. Bf4 Rd8 27. Rxd8+ Bxd8 28. bxc5 $1 bxc5 $16 {[%mdl 4096] Endgame KBB-KBN} 29. Bd6 Bb6 {[#]} 30. Bc6 $1 h6 31. Kf1 Nh7 32. Ke2 Nf8 33. Ke3 Ne6 34. Ke4 Nc7 35. f4 g6 36. Ke5 Kg7 37. Be7 Ne6 38. Bd5 Nd4 {[#]} 39. Bf6+ $1 Kf8 40. Kd6 {aiming for Bxd4.} Nf5+ (40... Ke8 {is a better defense.} 41. g4 Kf8) 41. Kd7 $18 h5 42. a4 Ba5 43. Bb7 $2 (43. g4 Ne3 44. Be7+ Kg7 45. Bxc5 Nxd5 46. cxd5) 43... Ne3 (43... Bb4 $142 44. Bd5 h4) 44. Be7+ Kg8 45. Bxc5 {Accuracy: White = 89%, Black = 60%.} 1-0

[Event "40th IND-chT Open 2020"]
[Site "Ahmedabad"]
[Date "2020.02.07"]
[Round "1.19"]
[White "Shahab Ahmad Farooqui"]
[Black "Swayams, Mishra"]
[Result "0-1"]
[WhiteElo "1626"]
[BlackElo "2485"]
[Annotator "TA"]
[PlyCount "32"]
[EventDate "2020.02.05"]
[EventCountry "IND"]
[SourceTitle "playchess.com"]
[Source "ChessBase"]
[SourceQuality "1"]

{[%evp 11,56,15,18,2,25,27,30,1,10,15,15,-10,-10,-4,-2,-58,-29,-55,-3,-68,-62,-70,-27,-172,-161,-164,-169,-271,-240,-291,-267,-414,-414,-493,-487,-521,-537,-662,-677,-677,-662,-671,-661,-635,-647,-813,-797]} 1. e4 e6 2. Nf3 d5 3. exd5 exd5 4. d4 Nc6 5. c3 Bd6 6. Bd3 Nge7 7. Nbd2 {C01: French: Exchange Variation.} Bg4 8. Nf1 Qd7 9. Ng3 {White has an edge.} f6 10. h3 Be6 {[#]} 11. Qc2 $146 ({Predecessor:} 11. a4 a5 12. Bd2 Ng6 13. Nh5 O-O 14. Qc2 Rae8 15. O-O-O Nce7 16. Ng3 Bxg3 17. fxg3 {1-0 (38) Gatelli,J (1913)-Cabral,C (1852) Parana 2011}) 11... h5 12. Nh4 O-O-O 13. Be3 (13. Nhf5 $11) 13... Kb8 14. Ngf5 g5 15. Nxe7 ({White should try} 15. Nxd6 $11 gxh4 16. Nb5 (16. Nxb7 $2 Kxb7 17. O-O-O Bf5 $19)) 15... Nxe7 $15 16. Nf3 $1 Nf5 {Played: g5-g4} 0-1

[Event "40th IND-chT Open 2020"]
[Site "Ahmedabad"]
[Date "2020.02.07"]
[Round "1.20"]
[White "Gokhale, Chandrashekhar"]
[Black "Swapnil, Raj"]
[Result "1/2-1/2"]
[WhiteElo "2158"]
[BlackElo "1597"]
[Annotator "TA"]
[PlyCount "64"]
[EventDate "2020.02.05"]
[EventCountry "IND"]
[SourceTitle "playchess.com"]
[Source "ChessBase"]
[SourceQuality "1"]

{[%evp 11,64,4,31,15,25,0,33,-2,37,-6,-10,-25,-34,-31,-18,-24,-2,-39,-19,-37,-16,-38,26,22,27,24,24,0,0,0,0,0,0,0,8,6,30,0,0,0,0,-12,-8,-14,8,8,8,8,8,8,8,7,8,8,8]} 1. Nf3 d5 2. g3 Nf6 3. Bg2 c6 4. O-O Bf5 5. d3 e6 6. Nbd2 Bc5 7. c4 {A07: Réti Opening: New York and Capablanca Systems.} Nbd7 8. b3 O-O 9. Bb2 {White is slightly better.} Re8 10. h3 h6 {[#]} 11. Ne5 $146 ({Predecessor:} 11. Nd4 Bg6 12. Nc2 e5 13. e4 Nf8 14. Kh2 Bh5 15. f3 Qd7 16. Qe2 Rad8 17. Rad1 a5 {½-½ (56) Kaczorowska,B (2200)-Kludacz,M (2105) Brzeg Dolny 1996}) 11... Nxe5 12. Bxe5 Bd6 13. Bb2 e5 14. Qc2 Qe7 15. Rac1 Rac8 16. e4 dxe4 (16... Be6 $15) 17. dxe4 $11 Bg6 18. c5 Bc7 19. b4 a5 20. a3 axb4 21. axb4 b6 22. Nb3 Qe6 23. Rfe1 Nd7 24. Bf1 bxc5 {The position is equal.} 25. Nxc5 Nxc5 26. Qxc5 Bd6 27. Qc4 Rb8 (27... Qe7 {looks sharper.} 28. Bc3 Kh7 29. h4 f6 30. Bd2 Rb8) 28. Qxe6 Rxe6 29. Rxc6 Bxb4 30. Rxe6 Bxe1 31. Bxe5 {[#] Strongly threatening Rxg6.} fxe6 32. Bxb8 Bxe4 {Accuracy: White = 71%, Black = 83%.} 1/2-1/2

[Event "40th IND-chT Open 2020"]
[Site "Ahmedabad"]
[Date "2020.02.07"]
[Round "1.21"]
[White "Das, Sayantan"]
[Black "Ullas Krishnan U B"]
[Result "1-0"]
[WhiteElo "2426"]
[BlackElo "1348"]
[Annotator "TA"]
[PlyCount "49"]
[EventDate "2020.02.05"]
[EventCountry "IND"]
[SourceTitle "playchess.com"]
[Source "ChessBase"]
[SourceQuality "1"]

{[%evp 24,55,3,0,24,18,23,35,110,108,110,95,196,196,220,221,417,427,677,674,1863,1812,1395,957,952,952,904,860,861,854,29990,29991,29991,29992]} 1. e4 c6 2. d4 d5 3. Nd2 dxe4 4. Nxe4 Bf5 5. Ng3 Bg6 6. h4 h6 7. Nf3 Nd7 8. h5 Bh7 9. Bd3 Bxd3 10. Qxd3 e6 11. Bd2 Ngf6 12. O-O-O Be7 13. Kb1 b5 {B19: Classical Caro-Kann: 4...Bf5 main line} 14. Qe2 a5 15. Ne5 {[#]} Nxe5 $146 (15... Qc7 $14) ({Predecessor:} 15... Qc7 16. f4 Nxe5 17. fxe5 Nd5 18. Rhf1 Bb4 19. c3 Bf8 20. Rf3 Rd8 21. Rdf1 Rd7 {1-0 (33) Keler,F (2189)-Istanbulluoglu,O Izmir 2003}) 16. dxe5 $16 Nd5 {[#]} 17. Qg4 $1 Kf8 (17... Bf8 $16 {was worth a try.}) 18. f4 $18 Qb8 19. f5 b4 $2 (19... Qxe5 {keeps fighting.} 20. Rhe1 Qf6) 20. Rde1 a4 (20... Qc8 $142 21. Rhf1 Kg8) 21. fxe6 f6 22. Nf5 {White threatens Qg6 and mate.} Rg8 23. exf6 Nxf6 24. Qg6 {[%csl Ge6][%cal Rg6f7]} Qe8 {[#]} 25. Nxe7 {Played: Qg6-f7} 1-0

[Event "40th IND-chT Open 2020"]
[Site "Ahmedabad"]
[Date "2020.02.07"]
[Round "1.22"]
[White "Mangal Prasad"]
[Black "Thejkumar, M. S."]
[Result "0-1"]
[WhiteElo "1624"]
[BlackElo "2438"]
[Annotator "TA"]
[PlyCount "36"]
[EventDate "2020.02.05"]
[EventCountry "IND"]
[SourceTitle "playchess.com"]
[Source "ChessBase"]
[SourceQuality "1"]

{[%evp 13,36,60,114,91,106,111,102,102,90,102,120,122,89,68,77,53,75,60,73,-39,-38,-50,194,-98,-79]} 1. d4 d5 2. c4 e5 3. dxe5 d4 4. Nf3 Nc6 5. a3 Bg4 6. Nbd2 Qe7 {6...Qe7 is better than 6...Nge7.} 7. h3 Bh5 (7... Bxf3 $14 8. Nxf3 O-O-O) 8. g4 $16 {D08: Albin Counter Gambit.} Bg6 9. Qa4 O-O-O 10. b4 {White is better.} Kb8 11. Bb2 f6 12. Bg2 {[#]} h5 $146 ({Predecessor:} 12... d3 13. e3 Nxe5 14. Nxe5 fxe5 15. c5 e4 16. c6 Qe6 17. Rc1 Ne7 18. cxb7 Nd5 {1-0 (26) Babula,V (2555)-Biro,S (2345) Zalakaros 1998}) 13. O-O-O hxg4 14. hxg4 Rxh1 15. Bxh1 Nh6 16. b5 (16. Rg1 $16) 16... Nxe5 $15 17. Nxd4 {Black must now prevent N2b3.} Nexg4 $2 {[#]} (17... Nhxg4 $15 {keeps the upper hand.} 18. Rf1 Bf7) 18. f4 $2 (18. Bxb7 $1 $18 {[%mdl 512]} Rxd4 (18... Kxb7 19. Qa6+) 19. Bc6) 18... Nf2 {Accuracy: White = 59%, Black = 80%.} 0-1